|
|
|
|
| LEADER |
00713cam a2200205 7i4500 |
| 001 |
0000021207 |
| 005 |
20080512090000.0 |
| 020 |
0 |
0 |
|a 9780071472548
|
| 090 |
0 |
0 |
|a B 658.840951
|b LAM
|
| 100 |
2 |
0 |
|a Lam
|
| 245 |
0 |
0 |
|a China now :
|b doing business in the world's most dynamic market.
|
| 260 |
0 |
0 |
|a New York:
|b McGraw-Hill,
|c 2007.
|
| 300 |
# |
# |
|a 385 p.
|
| 650 |
0 |
0 |
|a Intercultural communication
|
| 650 |
0 |
0 |
|a Doing business --
|z China
|
| 650 |
0 |
0 |
|a Negotiation in business --
|z United States of America
|
| 650 |
0 |
0 |
|a United States of America --
|x Business --
|z China
|
| 650 |
0 |
0 |
|a China --
|x Business --
|z United States of America
|
| 700 |
2 |
1 |
|a Graham,
|h John L
|
| 999 |
|
|
|a B000022040
|b Book
|c Book
|e Business Information Centre
|